000 00237 a2200109 4500
001 125576
040 _cEscola Canadense de Niteroi
090 _aMP
100 _aAdams, Simon
245 1 0 _aMais sensacional Atlas do Mundo
942 _cMATP
999 _c125576
_d125576